000
00188 a2200097 4500
020
_a
9788474440287
041
_a
spa
100
_a
Greene, Graham
245
_a
El pequeǫ tren
942
_c
BK
999
_c
31914
_d
31912